| 000 | 00853nam a2200217Ia 4500 | ||
|---|---|---|---|
| 003 | GCL | ||
| 008 | 140319s9999 xx 000 0 ara d | ||
| 040 |
_aGCL / _cGCL |
||
| 082 | 0 | 4 |
_a347.09 _bم م |
| 100 | 1 | _aمصطفى مجدى هرجة | |
| 245 | 1 | 0 |
_aالمشكلات العملية فى القبض والتفتيش والدفوع والبطلان فى ضوء الفقة احكام النقض - محاكم الجنايات والتعليمات العامة للبنايات / _cمصطفى مجدى هرجة |
| 260 |
_a[S.N] : _bدار المطبوعات الجامعية ، _c1992 |
||
| 300 | _a236 ص | ||
| 490 | _a | ||
| 650 | 0 | 4 | _aالقانون الجنائى |
| 650 | 0 | 4 | _aالقانون |
| 650 | 0 | 4 | _aمصر |
| 650 | 0 | 4 | _aالمحاكم الجنائية |
| 650 | 0 | 4 | _aقانون الاجراءات الجنائية |
| 942 |
_2ddc _cBK |
||
| 999 |
_c40056 _d40056 |
||